Movie General Knowledge #2 - Statistics

General Stats
  • This quiz has been taken 46 times
  • The average score is 6 of 15
Answer Stats
Hint Answer % Correct
Name one of the 3 movies that has the most Oscar's. (11 wins) Ben-Hur, Titanic, Lord of the Rings: Return of the King
89%
What is Arnold's famous catchphrase in Terminator? I'll be back!
89%
What is the highest grossing movie of all time? Avatar
78%
Who voice acts Buzz Lightyear in Toy Story? Tim Allen
68%
Which actor has the most Best Actor Oscar wins? (3 wins) Daniel Day Lewis
54%
Who played the park owner John Hammond in Jurassic Park? Richard Attenborough
43%
What movie did Steven Spielberg win his first Oscar for best director? Schindler's List
41%
What movie did Tom Hanks get his first academy award nomination? Big
38%
Which infinity stone is in Vision's forehead? Mind Stone
30%
What is the name of the hotel in The Shining? Overlook Hotel
30%
What is the name of the skyscraper in Die Hard? Nakatomi Plaza
22%
What is the highest grossing R Rated movie of all time? Deadpool & Wolverine
11%
What is the name of the water planet in Interstellar? Miller's Planet
11%
What is the famous landmark where Ryan Gosling and Emma Stone dance together in La La Land? Griffith Observatory
5%
What is the name of Robin Williams character in Good Will Hunting? Sean Maguire
3%
No matching quizzes found
Score Distribution
Percent of People with Each Score
Percentile by Number Answered
Your Score History
You have not taken this quiz